000 00853nam a22002657a 4500
001 9270
003 FISKH
005 20251208161030.0
008 251208b cb ||||| |||| 00| 0 eng d
020 _a9780545333009
040 _aFISKH
_beng
_cFISKH
_dFISKH
050 _aPZ7.S6438 T
082 _a523
100 _aSmith, Charles R.
_eAuthor
245 _aTall tales :
_bSix amazing basketball dreams /
_cCharles R. Smith JR.
260 _aNew York :
_bScholastic Inc. ,
_c2000
300 _a35 pages :
_bcolor illustrations ;
_c28 cm
505 _aR
520 _aIn this collection of stories illustrated with photographs, youngsters show off their smooth moves on the basketball court.
521 8 _a670
_bLexile estimate
521 8 _aR
_bRaz-Plus
650 _aBasketball stories
_vAchievement
942 _2ddc
_cBK
_n0
999 _c9270
_d9270